000
00306nam a22001337a 4500
008
171124b xxu||||| |||| 00| 0 eng d
020
_a
9780813343594
041
_a
eng
080
_2
2ND
_a
32
100
_a
19
101
_a
POL
245
_a
THEORIES OF THE POLICY PROCESS
_c
SABATIER,P,A
942
_2
udc
_c
BK
999
_c
38481
_d
38481